[Event "Mitropacup 2006  Men´s section"]
[Site "Brno, Hotel Bobycentrum "]
[Date "????.??.??"]
[Round "3.5"]
[White "Brkic, Ante"]
[Black "Polak, Tomas"]
[Result "1-0"]
[WhiteElo "2547"]
[BlackElo "2473"]
[PlyCount "83"]
[EventDate "2006.09.07"]

1. e4 e5 2. Nf3 Nf6 3. Nxe5 a6 4. Nf3 Nxe4 5. d4 d5 6. Bd3 Be7 7. O-O Nc6 8. c4
Nb4 9. cxd5 Nxd3 10. Qxd3 Qxd5 11. Re1 Bf5 12. Nc3 Nxc3 13. Qxc3 Be6 14. Re5
Qd7 15. d5 Bxd5 16. Rxe7+ Qxe7 17. Bg5 f6 18. Re1 Bxf3 19. Rxe7+ Kxe7 20. Qe3+
Kd7 21. Qxf3 fxg5 22. Qd5+ Kc8 23. Qf5+ Kb8 24. Qxg5 g6 25. Qe5 Rc8 26. Qg7 a5
27. Qxh7 Ra6 28. h4 Rb6 29. Qg7 Re8 30. Kf1 Rd8 31. g4 Rd2 32. h5 gxh5 33. gxh5
Rdd6 34. Kg2 a4 35. a3 Rb5 36. Qe7 Ka7 37. Kh3 Rxb2 38. Qxc7 Rd5 39. Qc4 Rg5
40. Qxa4+ Kb8 41. Qf4+ Kc8 42. Qxg5 1-0